América Latina: el ajustre estructural de los militares /
Guardado en:
| Autor principal: | |
|---|---|
| Formato: | Texto |
| Materias: | |
| Etiquetas: |
Agregar Etiqueta
Sin Etiquetas, Sea el primero en etiquetar este registro!
|
MARC
| LEADER | 00000 a a2200000 04500 | ||
|---|---|---|---|
| 001 | 1449 | ||
| 003 | |||
| 040 | |||
| 100 | |a Wing - Ching S., Isabel | ||
| 245 | |a América Latina: |b el ajustre estructural de los militares / |c Isabel Wing - Ching S. | ||
| 650 | |a MILITARISMO | ||
| 650 | |a CORRUPCION | ||
| 650 | |a POLITICAS PUBLICAS | ||
| 650 | |a EMPLEO | ||
| 650 | |a AMERICA LATINA | ||
| 773 | |g número 87; páginas 30-32 | ||
| 999 | |c 40067 |d 40067 | ||
